[Event "RUS-ch Higher League 68th"]
[Site "Kaliningrad"]
[Date "2015.06.23"]
[Round "2"]
[White "Artemiev, Vladislav"]
[Black "Khalifman, Alexander"]
[Result "1/2-1/2"]
[WhiteElo "2660"]
[BlackElo "2623"]
[PlyCount "100"]
[EventDate "2015.06.22"]
[EventType "swiss"]
[EventRounds "9"]
[EventCountry "RUS"]
[SourceTitle "CBM 167"]
[Source "ChessBase"]
[SourceDate "2015.07.13"]
[SourceVersion "1"]
[SourceVersionDate "2015.07.13"]
[SourceQuality "1"]

1. e4 c5 2. Nf3 Nc6 3. Bb5 g6 4. Bxc6 dxc6 5. d3 Bg7 6. h3 Nf6 7. Nc3 O-O 8.
Bf4 Nh5 9. Be3 Qd6 10. Qd2 e5 11. g4 Qf6 12. O-O-O Qxf3 13. gxh5 Qxh5 14. Bxc5
Re8 15. Be3 b5 16. Ne2 Qf3 17. Rh2 f5 18. exf5 Bxf5 19. Ng3 e4 20. d4 Red8 21.
Qc3 Rac8 22. Qb3+ Rd5 23. Nxf5 Qxf5 24. h4 Qf7 25. Rg1 Rcd8 26. c3 Rh5 27. Rg4
Re8 28. Qxf7+ Kxf7 29. Kd2 Rf5 30. Rhg2 Bf6 31. Ke2 Re6 32. Bh6 b4 33. cxb4
Bxd4 34. Be3 c5 35. bxc5 Bxc5 36. Rg5 Bxe3 37. Rxf5+ gxf5 38. Kxe3 Rh6 39. Kf4
Kf6 40. Rh2 Rg6 41. f3 exf3 42. Kxf3 Rg4 43. Rc2 Rxh4 44. Rc6+ Kg5 45. Ra6 Rf4+
46. Kg3 Rd4 47. Rxa7 Rd3+ 48. Kf2 Rd2+ 49. Ke3 Rxb2 50. Rxh7 Rxa2 1/2-1/2

[Event "RUS-ch Higher League 68th"]
[Site "Kaliningrad"]
[Date "2015.06.25"]
[Round "4"]
[White "Matlakov, Maxim"]
[Black "Khalifman, Alexander"]
[Result "1/2-1/2"]
[WhiteElo "2696"]
[BlackElo "2623"]
[PlyCount "58"]
[EventDate "2015.06.22"]
[EventType "swiss"]
[EventRounds "9"]
[EventCountry "RUS"]
[SourceTitle "CBM 167"]
[Source "ChessBase"]
[SourceDate "2015.07.13"]
[SourceVersion "1"]
[SourceVersionDate "2015.07.13"]
[SourceQuality "1"]

1. d4 d5 2. c4 c6 3. Nf3 Nf6 4. e3 Bf5 5. Nc3 a6 6. Be2 h6 7. Bd3 Bxd3 8. Qxd3
e6 9. O-O Bb4 10. Bd2 O-O 11. Rfd1 Ba5 12. a4 Nbd7 13. b4 Bc7 14. a5 Re8 15. e4
dxe4 16. Nxe4 e5 17. Bc3 exd4 18. Nxf6+ Qxf6 19. Bxd4 Ne5 20. Bxe5 Bxe5 21.
Nxe5 Rxe5 22. Re1 Rae8 23. Rxe5 Qxe5 24. Rd1 Qe7 25. Qd2 Qe4 26. Qc1 Qe7 27.
Qd2 Qe4 28. Qc1 Qe7 29. Qd2 Qe4 1/2-1/2

[Event "RUS-ch Higher League 68th"]
[Site "Kaliningrad"]
[Date "2015.06.26"]
[Round "5"]
[White "Khalifman, Alexander"]
[Black "Bukavshin, Ivan"]
[Result "0-1"]
[WhiteElo "2623"]
[BlackElo "2647"]
[PlyCount "163"]
[EventDate "2015.06.22"]
[EventType "swiss"]
[EventRounds "9"]
[EventCountry "RUS"]
[SourceTitle "CBM 167"]
[Source "ChessBase"]
[SourceDate "2015.07.13"]
[SourceVersion "1"]
[SourceVersionDate "2015.07.13"]
[SourceQuality "1"]

1. d4 d5 2. c4 e6 3. Nf3 Nf6 4. Nc3 c6 5. Bg5 h6 6. Bxf6 Qxf6 7. e3 g6 8. Bd3
Bg7 9. O-O O-O 10. Re1 Nd7 11. e4 dxc4 12. e5 Qe7 13. Bxc4 Rd8 14. Bd3 b5 15.
Rc1 Bb7 16. Ne4 c5 17. Nxc5 Nxc5 18. dxc5 Qc7 19. h4 b4 20. h5 g5 21. Re3 Rac8
22. Qe2 Bxf3 23. Qxf3 Rd5 24. c6 a5 25. Qe4 Kf8 26. Qh7 Rxe5 27. Rxe5 Qxe5 28.
Ba6 Rc7 29. Qd3 Qd5 30. Rc2 Bd4 31. Bb5 e5 32. b3 Kg7 33. Rd2 Qe6 34. Re2 Qd5
35. Rd2 Qe6 36. Re2 Qd5 37. Kf1 Qc5 38. Rc2 Qd5 39. Re2 Qc5 40. Rc2 Qd5 41. f3
g4 42. fxg4 e4 43. Qc4 Qe5 44. Ke2 Bb6 45. Rd2 Re7 46. Qd5 Qg3 47. Kd1 e3 48.
Re2 Re6 49. Kc2 Re5 50. Qd3 Rc5+ 51. Kb1 Rc3 52. Qd5 Qf4 53. Rc2 Rxc2 54. Kxc2
Qf2+ 55. Kd1 Qb2 56. Bc4 Qa1+ 57. Ke2 Qxa2+ 58. Kd1 Qb1+ 59. Ke2 Qb2+ 60. Kd1
Qb1+ 61. Ke2 Qc2+ 62. Ke1 Qf2+ 63. Kd1 Qf6 64. Qf5 Qd4+ 65. Ke2 Qd2+ 66. Kf3
Qf2+ 67. Ke4 Qxg2+ 68. Kd3 Qd2+ 69. Ke4 Qc2+ 70. Kf3 Qf2+ 71. Ke4 Qc2+ 72. Kf3
Qf2+ 73. Ke4 a4 74. bxa4 Qc2+ 75. Bd3 Qxc6+ 76. Qd5 Qe8+ 77. Qe5+ Qxe5+ 78.
Kxe5 b3 79. Ke4 Kf6 80. a5 Ba7 81. Bc4 b2 82. Bd3 0-1

[Event "RUS-ch Higher League 68th"]
[Site "Kaliningrad"]
[Date "2015.06.28"]
[Round "6"]
[White "Grachev, Boris V"]
[Black "Khalifman, Alexander"]
[Result "1-0"]
[WhiteElo "2657"]
[BlackElo "2623"]
[PlyCount "129"]
[EventDate "2015.06.22"]
[EventType "swiss"]
[EventRounds "9"]
[EventCountry "RUS"]
[SourceTitle "CBM 167"]
[Source "ChessBase"]
[SourceDate "2015.07.13"]
[SourceVersion "1"]
[SourceVersionDate "2015.07.13"]
[SourceQuality "1"]

1. d4 Nf6 2. c4 g6 3. Nc3 d5 4. cxd5 Nxd5 5. e4 Nxc3 6. bxc3 Bg7 7. Nf3 c5 8.
Be3 Qa5 9. Nd2 O-O 10. Be2 b6 11. O-O Ba6 12. dxc5 Bxe2 13. Qxe2 Nd7 14. Nb3
Qa4 15. Rfd1 Nxc5 16. Nxc5 bxc5 17. Bxc5 Rac8 18. Qe3 Rc7 19. e5 Rfc8 20. Bd4
e6 21. Rd2 Rb7 22. h3 Bf8 23. Rad1 a5 24. Qf3 Rcb8 25. Be3 Rb1 26. Rxb1 Rxb1+
27. Kh2 Rb8 28. Rd4 Qb5 29. a4 Qe8 30. Bg5 Qc8 31. Bf6 Qc7 32. Qd3 Bg7 33. Rd7
Bxf6 34. Rxc7 Bxe5+ 35. g3 Bxc7 36. Qc4 Bd8 37. Qd4 Ra8 38. Qd7 Bf6 39. Qc7 Rd8
40. c4 Rd2 41. Qf4 Bc3 42. c5 Rd5 43. Qb8+ Kg7 44. c6 Be5 45. c7 h5 46. c8=Q
Bxb8 47. Qxb8 Rf5 48. Qb2+ Kh7 49. Kg2 Kg8 50. Kf1 Kh7 51. Ke2 Rd5 52. Ke3 Kg8
53. Ke4 Kh7 54. Qb5 Kg7 55. Qb2+ Kg8 56. Qf6 Rf5 57. Qd4 g5 58. Ke3 Kh7 59. g4
hxg4 60. hxg4 Rd5 61. Qxd5 exd5 62. Kd4 Kg6 63. Kxd5 f5 64. f3 Kf6 65. Kd6 1-0

[Event "RUS-ch Higher League 68th"]
[Site "Kaliningrad"]
[Date "2015.06.30"]
[Round "8"]
[White "Bocharov, Ivan"]
[Black "Khalifman, Alexander"]
[Result "1/2-1/2"]
[WhiteElo "2472"]
[BlackElo "2623"]
[PlyCount "81"]
[EventDate "2015.06.22"]
[EventType "swiss"]
[EventRounds "9"]
[EventCountry "RUS"]
[SourceTitle "EXT 2017"]
[Source "ChessBase"]
[SourceDate "2016.10.25"]
[SourceVersion "1"]
[SourceVersionDate "2016.10.25"]
[SourceQuality "1"]

1. f4 d5 2. Nf3 Bg4 3. Ne5 Bh5 4. c4 f6 5. Nf3 Nc6 6. Qb3 e6 7. Qxb7 Nb4 8.
Qb5+ Qd7 9. Qxd7+ Kxd7 10. Kd1 dxc4 11. Na3 Nh6 12. h3 Bg6 13. g4 Bd6 14. Bg2
Bxf4 15. Nh4 Rab8 16. Nxg6 hxg6 17. Nxc4 Nf7 18. d3 Bxc1 19. Rxc1 Nd6 20. Nxd6
Kxd6 21. b3 Nxa2 22. Ra1 Nc3+ 23. Kd2 Nd5 24. Rxa7 Rxb3 25. Rc1 Rb2+ 26. Ke1
Rc8 27. h4 Nb4 28. Bf3 Rc2 29. Rb1 Nd5 30. Ra6+ Kd7 31. Bxd5 exd5 32. Rb5 Rc6
33. Rxd5+ Ke6 34. Rda5 Rxa6 35. Rxa6+ Ke7 36. Kf2 Rh8 37. Kg3 Rb8 38. Ra7 Kd7
39. Ra6 Ke7 40. Ra7 Kd7 41. Ra6 1/2-1/2

[Event "RUS-ch Higher League 68th"]
[Site "Kaliningrad"]
[Date "2015.07.01"]
[Round "9"]
[White "Khalifman, Alexander"]
[Black "Paravyan, David"]
[Result "1-0"]
[WhiteElo "2623"]
[BlackElo "2478"]
[PlyCount "103"]
[EventDate "2015.06.22"]
[EventType "swiss"]
[EventRounds "9"]
[EventCountry "RUS"]
[SourceTitle "EXT 2017"]
[Source "ChessBase"]
[SourceDate "2016.10.25"]
[SourceVersion "1"]
[SourceVersionDate "2016.10.25"]
[SourceQuality "1"]

1. Nf3 Nf6 2. c4 c5 3. Nc3 d5 4. cxd5 Nxd5 5. e4 Nb4 6. Bc4 Nd3+ 7. Ke2 Nf4+ 8.
Kf1 Ne6 9. d3 g6 10. h4 h5 11. Ng5 Nc6 12. Nxe6 Bxe6 13. Bxe6 fxe6 14. Rh3 Qd7
15. Be3 b6 16. Qa4 O-O-O 17. Rd1 Kb7 18. Rg3 Rg8 19. e5 Nb4 20. Qxd7+ Rxd7 21.
Ke2 Nc6 22. f4 Bh6 23. Rf3 Rgd8 24. g3 Nb4 25. Bg1 Nd5 26. d4 c4 27. Ne4 Rc7
28. Bf2 Nb4 29. a3 Nd5 30. Be1 Rdc8 31. Bd2 Rd8 32. Rc1 Rdc8 33. Rc2 Rc6 34.
Rf1 R6c7 35. Rfc1 Rc6 36. Kf3 a5 37. Ke2 R6c7 38. Be3 Rc6 39. Nd2 c3 40. bxc3
Nxc3+ 41. Kf3 Nd5 42. Rc4 a4 43. Ke2 Rxc4 44. Nxc4 b5 45. Nb2 Rc3 46. Rxc3
Nxc3+ 47. Kd3 Nb1 48. Bc1 Kc6 49. Nd1 b4 50. axb4 a3 51. Nc3 Bf8 52. Kc2 1-0

[Event "Liepajas Rokade"]
[Site "Liepaja"]
[Date "2015.08.08"]
[Round "1"]
[White "Kovalenko, Igor"]
[Black "Khalifman, Alexander"]
[Result "1-0"]
[WhiteElo "2702"]
[BlackElo "2618"]
[PlyCount "101"]
[EventDate "2015.08.08"]
[EventType "tourn (rapid)"]
[EventRounds "7"]
[EventCountry "LAT"]
[EventCategory "15"]
[SourceTitle "CBM 167 Extra"]
[Source "ChessBase"]
[SourceDate "2015.09.14"]
[SourceVersion "1"]
[SourceVersionDate "2015.09.14"]
[SourceQuality "1"]

1. e4 e5 2. Nf3 Nc6 3. Bb5 a6 4. Ba4 Nf6 5. O-O Bc5 6. d3 b5 7. Bb3 d6 8. a4 b4
9. Be3 O-O 10. Nbd2 Qe7 11. h3 Be6 12. a5 Bxb3 13. Nxb3 Bxe3 14. fxe3 d5 15.
Nfd2 dxe4 16. dxe4 Na7 17. Qe2 Nb5 18. Qc4 Rfb8 19. Qc6 Qd6 20. Qc4 Qe7 21. Kf2
Nd6 22. Qc6 Qd7 23. Qxd7 Nxd7 24. Kf3 Kf8 25. Rfd1 Ke7 26. Nc1 c5 27. b3 Rc8
28. Nd3 Rab8 29. Nb2 Nb5 30. Ndc4 Nc3 31. Rd6 Ra8 32. Na4 Nxa4 33. Rxa4 Ra7 34.
Ra1 f6 35. Rad1 Nf8 36. h4 Rcc7 37. Nb6 Kf7 38. g4 h6 39. Ke2 Ke8 40. Rd8+ Kf7
41. R1d6 Ng6 42. h5 Ne7 43. Nc4 Nc6 44. Rh8 Ke7 45. Rd5 Kf7 46. Rxc5 Ne7 47.
Rxc7 Rxc7 48. Ra8 Rc6 49. Rb8 g6 50. Rxb4 gxh5 51. gxh5 1-0

[Event "Liepajas Rokade"]
[Site "Liepaja"]
[Date "2015.08.09"]
[Round "5"]
[White "Khalifman, Alexander"]
[Black "Fridman, Daniel"]
[Result "1/2-1/2"]
[WhiteElo "2618"]
[BlackElo "2639"]
[PlyCount "31"]
[EventDate "2015.08.08"]
[EventType "tourn (rapid)"]
[EventRounds "7"]
[EventCountry "LAT"]
[EventCategory "15"]
[SourceTitle "CBM 167 Extra"]
[Source "ChessBase"]
[SourceDate "2015.09.14"]
[SourceVersion "1"]
[SourceVersionDate "2015.09.14"]
[SourceQuality "1"]

1. e4 e5 2. Nf3 Nf6 3. Nxe5 d6 4. Nf3 Nxe4 5. d4 d5 6. Bd3 Nc6 7. O-O Be7 8.
Re1 Bg4 9. c4 Nf6 10. Nc3 Bxf3 11. Qxf3 Nxd4 12. Qd1 dxc4 13. Bxc4 c5 14. Qa4+
Qd7 15. Qxd7+ Kxd7 16. Bxf7 1/2-1/2

[Event "Liepajas Rokade"]
[Site "Liepaja"]
[Date "2015.08.09"]
[Round "6"]
[White "Neiksans, Arturs"]
[Black "Khalifman, Alexander"]
[Result "1/2-1/2"]
[WhiteElo "2596"]
[BlackElo "2618"]
[PlyCount "142"]
[EventDate "2015.08.08"]
[EventType "tourn (rapid)"]
[EventRounds "7"]
[EventCountry "LAT"]
[EventCategory "15"]
[SourceTitle "CBM 167 Extra"]
[Source "ChessBase"]
[SourceDate "2015.09.14"]
[SourceVersion "1"]
[SourceVersionDate "2015.09.14"]
[SourceQuality "1"]

1. e4 c5 2. Nf3 d6 3. Bb5+ Bd7 4. c4 Nf6 5. Nc3 Nc6 6. d4 cxd4 7. Nxd4 g6 8.
O-O Bg7 9. Bxc6 Bxc6 10. f3 O-O 11. Be3 Qa5 12. Qd2 Rfc8 13. Rac1 Be8 14. b3 a6
15. a4 e6 16. Rfd1 Qb4 17. Bh6 Bh8 18. Rb1 Qc5 19. Kh1 Rd8 20. Rbc1 Rac8 21.
Nce2 Qc7 22. Qe3 Qc5 23. Kg1 Nd7 24. Rd2 Ne5 25. Rcd1 Bg7 26. Bg5 Rd7 27. h3 d5
28. cxd5 exd5 29. f4 Nc6 30. e5 Rdc7 31. Bh4 Nxd4 32. Nxd4 Bd7 33. Rc2 Qb6 34.
Rxc7 Rxc7 35. Nf5 Qxe3+ 36. Nxe3 Be6 37. Nxd5 Rd7 38. Ne7+ Kf8 39. Rxd7 Bxd7
40. a5 Be6 41. b4 Ke8 42. Ng8 h5 43. Nf6+ Bxf6 44. Bxf6 Kd7 45. Kf2 Bd5 46. g4
hxg4 47. hxg4 Ke6 48. Kg3 Be4 49. Kh4 Bd3 50. Kg5 Be4 51. Bd8 Bd3 52. Bc7 Be4
53. Bd6 Bd3 54. Kh6 Be2 55. Kg5 Bd3 56. Bc5 Be4 57. Kh4 Bc2 58. Kg3 Bd1 59. Bd6
Be2 60. Bf8 Bd1 61. Kh4 Be2 62. Kg5 Bd3 63. Kh4 Be2 64. Bc5 Bd1 65. Be3 Be2 66.
Bd2 Bd1 67. Kg5 Bc2 68. Kh6 Bd1 69. g5 Ba4 70. Kg7 Bb5 71. Kf8 Bc6 1/2-1/2

[Event "Chigorin Memorial 23rd"]
[Site "St Petersburg"]
[Date "2015.10.04"]
[Round "2"]
[White "Khalifman, Alexander"]
[Black "Timerkhanov, Alexander"]
[Result "1-0"]
[WhiteElo "2618"]
[BlackElo "2321"]
[PlyCount "85"]
[EventDate "2015.10.03"]
[EventType "swiss"]
[EventRounds "9"]
[EventCountry "RUS"]
[SourceTitle "CBM 168 Extra"]
[Source "ChessBase"]
[SourceDate "2015.10.29"]
[SourceVersion "1"]
[SourceVersionDate "2015.10.29"]
[SourceQuality "1"]

1. c4 e5 2. g3 Nf6 3. Bg2 d5 4. cxd5 Nxd5 5. Nc3 Nb6 6. Nf3 Nc6 7. O-O Be7 8.
d3 O-O 9. Be3 Be6 10. Rc1 f6 11. a3 Rc8 12. Na4 Bd5 13. Nc5 Nd4 14. Bxd4 exd4
15. Bh3 Bxc5 16. Bxc8 Bd6 17. Bh3 c5 18. Bg2 Re8 19. Nd2 Bf8 20. Re1 f5 21.
Bxd5+ Qxd5 22. Qb3 Qxb3 23. Nxb3 Na4 24. Rc2 b5 25. Kf1 g6 26. Rec1 Re5 27. Nd2
Rd5 28. b3 Nc3 29. Rxc3 dxc3 30. Rxc3 Bh6 31. Ke1 Kf7 32. a4 a6 33. Rc2 Bg7 34.
axb5 axb5 35. Ra2 Bc3 36. Kd1 Ke6 37. Kc2 Bb4 38. Nf3 Rd7 39. Ra6+ Kd5 40. e3
Rc7 41. Ng5 c4 42. e4+ Ke5 43. Nf3# 1-0

[Event "Chigorin Memorial 23rd"]
[Site "St Petersburg"]
[Date "2015.10.05"]
[Round "3"]
[White "Arslanov, Shamil"]
[Black "Khalifman, Alexander"]
[Result "0-1"]
[WhiteElo "2416"]
[BlackElo "2618"]
[PlyCount "70"]
[EventDate "2015.10.03"]
[EventType "swiss"]
[EventRounds "9"]
[EventCountry "RUS"]
[SourceTitle "CBM 168 Extra"]
[Source "ChessBase"]
[SourceDate "2015.10.29"]
[SourceVersion "1"]
[SourceVersionDate "2015.10.29"]
[SourceQuality "1"]

1. d4 Nf6 2. c4 c5 3. d5 e6 4. Nc3 exd5 5. cxd5 d6 6. e4 g6 7. f4 Bg7 8. Bb5+
Nfd7 9. a4 O-O 10. Nf3 Na6 11. O-O Nb4 12. Re1 a6 13. Bc4 Nb6 14. Be2 Bg4 15.
Na2 Re8 16. Nxb4 cxb4 17. h3 Bxf3 18. Bxf3 Nc4 19. Qb3 Qb6+ 20. Kh2 Rac8 21.
Rb1 h5 22. Be3 Nxe3 23. Qxe3 Qxe3 24. Rxe3 Bh6 25. Kg3 h4+ 26. Kxh4 Bxf4 27.
Rd3 Kg7 28. Kg4 Be5 29. b3 Rc2 30. Rdd1 Rec8 31. Re1 R8c3 32. Rg1 Rd2 33. h4
Rd4 34. Rge1 f5+ 35. Kg5 fxe4 0-1

[Event "Chigorin Memorial 23rd"]
[Site "St Petersburg"]
[Date "2015.10.07"]
[Round "5"]
[White "Timofeev, Artyom"]
[Black "Khalifman, Alexander"]
[Result "1/2-1/2"]
[WhiteElo "2539"]
[BlackElo "2618"]
[PlyCount "41"]
[EventDate "2015.10.03"]
[EventType "swiss"]
[EventRounds "9"]
[EventCountry "RUS"]
[SourceTitle "CBM 168 Extra"]
[Source "ChessBase"]
[SourceDate "2015.10.29"]
[SourceVersion "1"]
[SourceVersionDate "2015.10.29"]
[SourceQuality "1"]

1. e4 c5 2. Nf3 Nc6 3. d4 cxd4 4. Nxd4 Nf6 5. Nc3 e5 6. Ndb5 d6 7. Bg5 a6 8.
Na3 b5 9. Nd5 Be7 10. Bxf6 Bxf6 11. c3 Bg5 12. Nc2 Rb8 13. a3 a5 14. Bd3 Ne7
15. Nce3 Bxe3 16. Nxe3 O-O 17. O-O Be6 18. Bc2 Bc4 19. Bd3 Be6 20. Bc2 Bc4 21.
Bd3 1/2-1/2

[Event "Chigorin Memorial 23rd"]
[Site "St Petersburg"]
[Date "2015.10.08"]
[Round "6"]
[White "Khalifman, Alexander"]
[Black "Nechaeva, Marina"]
[Result "1-0"]
[WhiteElo "2618"]
[BlackElo "2411"]
[PlyCount "59"]
[EventDate "2015.10.03"]
[EventType "swiss"]
[EventRounds "9"]
[EventCountry "RUS"]
[SourceTitle "CBM 168 Extra"]
[Source "ChessBase"]
[SourceDate "2015.10.29"]
[SourceVersion "1"]
[SourceVersionDate "2015.10.29"]
[SourceQuality "1"]

1. d4 d5 2. c4 c6 3. Nf3 Nf6 4. Nc3 e6 5. g3 dxc4 6. Bg2 Nbd7 7. O-O Be7 8. a4
O-O 9. a5 Nd5 10. Bd2 Bb4 11. Nxd5 Bxd2 12. Nc3 Bxc3 13. bxc3 Qc7 14. Qa4 Rb8
15. Nd2 c5 16. Nxc4 Rd8 17. Rfb1 h6 18. Qb5 Kh8 19. h4 Kg8 20. Rb2 Kh8 21. Rab1
Kg8 22. e3 Kh8 23. e4 cxd4 24. cxd4 b6 25. axb6 Nxb6 26. Qc5 Qd7 27. Ne5 Qe8
28. Qc7 Bd7 29. Qxa7 f6 30. Nd3 1-0

[Event "Chigorin Memorial 23rd"]
[Site "St Petersburg"]
[Date "2015.10.09"]
[Round "7"]
[White "Alekseenko, Kirill"]
[Black "Khalifman, Alexander"]
[Result "1/2-1/2"]
[WhiteElo "2539"]
[BlackElo "2618"]
[PlyCount "61"]
[EventDate "2015.10.03"]
[EventType "swiss"]
[EventRounds "9"]
[EventCountry "RUS"]
[SourceTitle "CBM 168 Extra"]
[Source "ChessBase"]
[SourceDate "2015.10.29"]
[SourceVersion "1"]
[SourceVersionDate "2015.10.29"]
[SourceQuality "1"]

1. e4 e5 2. Nf3 Nc6 3. Bb5 Nf6 4. d3 Bc5 5. Bxc6 dxc6 6. Nbd2 O-O 7. h3 Nd7 8.
O-O Re8 9. Nc4 Bd6 10. Bg5 f6 11. Bd2 Nf8 12. Nh4 Be6 13. Qf3 Qd7 14. Qg3 Bxc4
15. dxc4 Ne6 16. Rad1 Kh8 17. Be3 Qf7 18. Rd2 Bb4 19. c3 Bf8 20. Rfd1 Red8 21.
Qg4 Rxd2 22. Rxd2 b6 23. Qd1 Qe8 24. Nf5 a5 25. Qa4 Kg8 26. Kf1 Kh8 27. Kg1 Kg8
28. Ng3 Kh8 29. Nf5 Kg8 30. Ng3 Kh8 31. Nf5 1/2-1/2

[Event "Chigorin Memorial 23rd"]
[Site "St Petersburg"]
[Date "2015.10.10"]
[Round "8"]
[White "Khalifman, Alexander"]
[Black "Rozum, Ivan"]
[Result "1/2-1/2"]
[WhiteElo "2618"]
[BlackElo "2547"]
[PlyCount "81"]
[EventDate "2015.10.03"]
[EventType "swiss"]
[EventRounds "9"]
[EventCountry "RUS"]
[SourceTitle "CBM 168 Extra"]
[Source "ChessBase"]
[SourceDate "2015.10.29"]
[SourceVersion "1"]
[SourceVersionDate "2015.10.29"]
[SourceQuality "1"]

1. Nf3 Nf6 2. c4 e6 3. Nc3 Bb4 4. g3 b6 5. Bg2 Bb7 6. O-O O-O 7. Qc2 c5 8. a3
Bxc3 9. Qxc3 d6 10. b4 Nbd7 11. Bb2 e5 12. Rfe1 Rb8 13. d3 Re8 14. e3 Qc7 15.
e4 Nf8 16. a4 cxb4 17. Qxb4 a5 18. Qb3 Ne6 19. Nd2 Nd7 20. Nb1 Ndc5 21. Qd1 Qd7
22. Nc3 Nd4 23. Nb5 Nxb5 24. axb5 Ne6 25. Qg4 Qc7 26. f4 Qc5+ 27. Kh1 Nd4 28.
Ba3 Qc7 29. Rac1 f6 30. f5 Qd7 31. Bb2 Re7 32. Rf1 g5 33. Qd1 Qc7 34. Ba3 Rg7
35. h3 Rd8 36. Bf3 Bc8 37. Kh2 Bd7 38. Bg4 Be8 39. Rf2 Qf7 40. Qe1 h5 41. Bd1
1/2-1/2

[Event "Chigorin Memorial 23rd"]
[Site "St Petersburg"]
[Date "2015.10.11"]
[Round "9"]
[White "Eliseev, Urii"]
[Black "Khalifman, Alexander"]
[Result "1/2-1/2"]
[WhiteElo "2536"]
[BlackElo "2618"]
[PlyCount "60"]
[EventDate "2015.10.03"]
[EventType "swiss"]
[EventRounds "9"]
[EventCountry "RUS"]
[SourceTitle "CBM 168 Extra"]
[Source "ChessBase"]
[SourceDate "2015.10.29"]
[SourceVersion "1"]
[SourceVersionDate "2015.10.29"]
[SourceQuality "1"]

1. e4 c5 2. Nf3 Nc6 3. Nc3 g6 4. d4 cxd4 5. Nxd4 Bg7 6. Be3 Nf6 7. Bc4 Qa5 8.
O-O O-O 9. Bb3 d6 10. h3 Bd7 11. Re1 Rac8 12. f4 Nxd4 13. Bxd4 Bc6 14. Nd5 Rfe8
15. Kh2 Bxd5 16. exd5 Nd7 17. Bxg7 Kxg7 18. Qd4+ Nf6 19. Ba4 b5 20. Bb3 Rc7 21.
a3 Rb8 22. Re3 Qb6 23. Qd2 a5 24. c3 Rbb7 25. Rae1 Qa7 26. Rf3 Qb8 27. Qd4 Qa7
28. Qd2 Qb8 29. Ref1 Nd7 30. Re1 Nf6 1/2-1/2

[Event "Moscow Aeroflot op-A 15th"]
[Site "Moscow"]
[Date "2016.03.06"]
[Round "6"]
[White "Sandipan, Chanda"]
[Black "Khalifman, Alexander"]
[Result "1/2-1/2"]
[WhiteElo "2577"]
[BlackElo "2624"]
[PlyCount "50"]
[EventDate "2016.03.01"]
[EventType "swiss"]
[EventRounds "9"]
[EventCountry "RUS"]
[SourceTitle "CBM 171"]
[Source "ChessBase"]
[SourceDate "2016.03.14"]
[SourceVersion "2"]
[SourceVersionDate "2016.03.14"]
[SourceQuality "1"]

1. d4 Nf6 2. c4 e6 3. Nc3 Bb4 4. g3 O-O 5. Bg2 d5 6. Nf3 dxc4 7. O-O Nc6 8. Bg5
h6 9. Bxf6 Qxf6 10. e3 Rb8 11. Ne4 Qe7 12. a3 Bd6 13. Nfd2 Na5 14. Qa4 b6 15.
Nxc4 Nxc4 16. Qxc4 Bb7 17. b4 e5 18. Rfe1 Bxe4 19. Bxe4 a5 20. bxa5 bxa5 21.
Qc3 exd4 22. exd4 Qf6 23. Bc6 Rb6 24. Be8 c5 25. Ra2 Qxd4 1/2-1/2

[Event "Moscow Aeroflot op-A 15th"]
[Site "Moscow"]
[Date "2016.03.07"]
[Round "7"]
[White "Khalifman, Alexander"]
[Black "Bluebaum, Matthias"]
[Result "1/2-1/2"]
[WhiteElo "2624"]
[BlackElo "2605"]
[PlyCount "35"]
[EventDate "2016.03.01"]
[EventType "swiss"]
[EventRounds "9"]
[EventCountry "RUS"]
[SourceTitle "CBM 171"]
[Source "ChessBase"]
[SourceDate "2016.03.14"]
[SourceVersion "2"]
[SourceVersionDate "2016.03.14"]
[SourceQuality "1"]

1. d4 d5 2. c4 e6 3. Nf3 Nf6 4. Nc3 Bb4 5. cxd5 exd5 6. Bg5 h6 7. Bh4 Bf5 8.
Qb3 Nc6 9. Bxf6 Qxf6 10. e3 Qd6 11. a3 Bxc3+ 12. Qxc3 Ne7 13. Be2 O-O 14. O-O
c6 15. b4 Rfc8 16. Rfc1 Qd8 17. Nd2 Rc7 18. Bf1 1/2-1/2

[Event "Moscow Aeroflot op-A 15th"]
[Site "Moscow"]
[Date "2016.03.08"]
[Round "8"]
[White "Socko, Bartosz"]
[Black "Khalifman, Alexander"]
[Result "1/2-1/2"]
[WhiteElo "2587"]
[BlackElo "2624"]
[PlyCount "88"]
[EventDate "2016.03.01"]
[EventType "swiss"]
[EventRounds "9"]
[EventCountry "RUS"]
[SourceTitle "CBM 171"]
[Source "ChessBase"]
[SourceDate "2016.03.14"]
[SourceVersion "2"]
[SourceVersionDate "2016.03.14"]
[SourceQuality "1"]

1. e4 e5 2. Nf3 Nc6 3. Bc4 Bc5 4. O-O Nf6 5. d3 d6 6. c3 a6 7. Bb3 Ba7 8. Nbd2
O-O 9. h3 Ne7 10. Re1 Ng6 11. Nf1 Nh5 12. d4 Nhf4 13. Bxf4 exf4 14. Qd3 c5 15.
N1d2 cxd4 16. cxd4 Be6 17. Rac1 Rc8 18. Rc2 Rxc2 19. Qxc2 Nh4 20. Nxh4 Qxh4 21.
Nf3 Qf6 22. Bxe6 fxe6 23. e5 dxe5 24. dxe5 Qe7 25. Re4 h6 26. Rc4 Bb6 27. Qb3
Ba7 28. Qc2 Bb6 29. a4 a5 30. Qb3 Bc5 31. Nd2 Rd8 32. Qc2 Qd7 33. Nf1 b6 34.
Rxf4 Qd3 35. Rc4 Bxf2+ 36. Kxf2 Rf8+ 37. Kg1 Rxf1+ 38. Kh2 Qxc2 39. Rxc2 Rf4
40. Rc6 Rb4 41. Rxe6 Rxb2 42. Kg3 Rb4 43. Kf3 Kf7 44. Rd6 h5 1/2-1/2

[Event "RUS-chT2"]
[Site "Sochi"]
[Date "2016.05.05"]
[Round "5.1"]
[White "Demidov, Mikhail"]
[Black "Khalifman, Alexander"]
[Result "1/2-1/2"]
[WhiteElo "2506"]
[BlackElo "2614"]
[PlyCount "105"]
[EventDate "2016.05.01"]
[EventType "team-swiss"]
[EventRounds "9"]
[EventCountry "RUS"]
[SourceTitle "CBM 172 Extra"]
[Source "ChessBase"]
[SourceDate "2016.06.21"]
[SourceVersion "1"]
[SourceVersionDate "2016.06.21"]
[SourceQuality "1"]
[WhiteTeam "Moscow Boavista"]
[BlackTeam "St Petersburg Peter's Boat"]
[WhiteTeamCountry "RUS"]
[BlackTeamCountry "RUS"]

1. d4 Nf6 2. Nf3 c5 3. e3 g6 4. d5 Bg7 5. Nc3 O-O 6. Bc4 d6 7. O-O Bg4 8. e4
Nbd7 9. Be2 Bxf3 10. Bxf3 Ne8 11. Be2 a6 12. a4 b6 13. Qd3 Nc7 14. Qh3 Nf6 15.
Rd1 Qd7 16. Qh4 b5 17. Bg5 h5 18. e5 b4 19. exf6 exf6 20. Bxf6 bxc3 21. Bxc3
Bxc3 22. bxc3 Rfe8 23. Bf1 Re5 24. c4 Ne8 25. f4 Re3 26. Re1 Rxe1 27. Rxe1 Rb8
28. a5 Kg7 29. Bd3 Nf6 30. f5 Re8 31. Rf1 Qe7 32. fxg6 fxg6 33. Qg5 Qf7 34. h3
Re5 35. Qg3 Kh6 36. Rb1 g5 37. Re1 h4 38. Qf2 Qe7 39. Rf1 Kg7 40. Qf3 Re1 41.
Kf2 Rxf1+ 42. Kxf1 Nd7 43. Qh5 Qf6+ 44. Ke2 Ne5 45. Qe8 Qf8 46. Qh5 Qf6 47. Qe8
Qf8 48. Qe6 Qf6 49. Qc8 Nxd3 50. Qb7+ Kh6 51. cxd3 Qe5+ 52. Kf1 Qf4+ 53. Kg1
1/2-1/2